000 00326 a2200109 4500
001 ART_40237
005 20260410161754.0
008 260409a
245 1 0 _aMás novedades en materia de impuesto de igualación
100 1 _aVolman, Mario
773 0 _tDoctrina tributaria
_g- Nº 384 (mar. 2012)
_wREV4296
999 _c19916
_d19916